Castillos de España / (Record no. 8171)

MARC details
000 -LEADER
campo de control de longitud fija 00859nam a2200265 i 4500
001 - NÚMERO DE CONTROL
campo de control 8171
003 - IDENTIFICADOR DE NÚMERO DE CONTROL
campo de control ES-MaACL
005 - FECHA Y HORA DE LA ÚLTIMA TRANSACCIÓN
campo de control 20240320062556.0
007 - CAMPO FIJO DE DESCRIPCIÓN FÍSICA--INFORMACIÓN GENERAL
campo de control de longitud fija t|
008 - DATOS DE LONGITUD FIJA--INFORMACIÓN GENERAL
campo de control de longitud fija 920228s1990 sp a ||||1| spa d
080 ## - NÚMERO DE LA CLASIFICACIÓN DECIMAL UNIVERSAL
Número de la Clasificación Decimal Universal 728.81(46)
080 ## - NÚMERO DE LA CLASIFICACIÓN DECIMAL UNIVERSAL
Número de la Clasificación Decimal Universal 725.18(46)
100 1# - ENTRADA PRINCIPAL--NOMBRE DE PERSONA
Nombre de persona Sarthou Carreres, Carlos.
9 (RLIN) 103879
245 10 - MENCIÓN DEL TÍTULO
Título Castillos de España /
Mención de responsabilidad, etc. Carlos Sarthou Carreres ; prólogo de Azorín ; con la colaboración especial para las ilustraciones de Robert G. Everts.
250 ## - MENCION DE EDICION
Mención de edición 11ª ed.
260 ## - PUBLICACIÓN, DISTRIBUCIÓN, ETC.
Lugar de publicación, distribución, etc. Madrid :
Nombre del editor, distribuidor, etc. Espasa-Calpe,
Fecha de publicación, distribución, etc. 1990.
300 ## - DESCRIPCIÓN FÍSICA
Extensión 501 p. :
Otras características físicas il. ;
Dimensiones 31 cm.
490 1# - MENCIÓN DE SERIE
Mención de serie Grandes obras de arte
650 14 - PUNTO DE ACCESO ADICIONAL DE MATERIA--TÉRMINO DE MATERIA
Término de materia o nombre geográfico como elemento de entrada Castillos-
Subdivisión geográfica España.
9 (RLIN) 10828
700 0# - ENTRADA AGREGADA--NOMBRE PERSONAL
Nombre de persona Azorín,
Fechas asociadas al nombre 1873-1967
9 (RLIN) 24326
700 1# - ENTRADA AGREGADA--NOMBRE PERSONAL
Nombre de persona Everts, Robert G.
9 (RLIN) 48398
830 0# - PUNTO DE ACCESO ADICIONAL DE SERIE-TÍTULO UNIFORME
Título uniforme Grandes obras de arte
9 (RLIN) 227959
852 ## - LOCALIZACIÓN
Ubicación ES-MaACL
Número de control de estantería L-15406
Sublocalización o colección R.120034
Holdings
Estatus retirado Estado de pérdida Estado de daño No para préstamo Biblioteca de origen Biblioteca actual Ubicación en estantería Fecha de adquisición Fuente de adquisición Total de préstamos Signatura topográfica completa Código de barras Visto por última vez Precio de reemplazo Tipo de ítem Koha
        Biblioteca del Ateneo de Madrid Biblioteca del Ateneo de Madrid Depósito 2 17/01/2008     L-15406 1008334 23/02/2023 23/02/2023 Libro impreso